Türkiye Kent Koopertifleri Merkez Birliği 22. olağan genel kurul toplantısı (Record no. 5981)

MARC details
000 -BAŞLIK
Sabit Uzunlukta Kontrol Alanı 00858na a2200229 4500
001 - KONTROL NUMARASI
Denetim Alanı 19107
003 - KONTROL NUMARASI IDENTIFIER
Denetim Alanı MIRAKIL
005 - SON İŞLEM TARİHİ VE ZAMANI
Denetim Alanı 20181213155052.0
008 - SABİT-BOY VERİ ELEMANLARI - GENEL BİLGİLER
Sabit Uzunlukta Kontrol Alanı 161208b tu 000 0
040 ## - KATALOGLAMA KAYNAK
Orijinal Kataloglama Ajansı Milas
Kataloglama Dili tur
Metne Dönüştürmek Ajansı TR-AnCHP
041 ## - DİL KODU
Metin / Ses Parça Veya Ayrı Başlığın Dil Kodu tur
082 ## - DEWEY ONLU SINIFLANDIRMA NUMARASI
Sınıflandırma Numarası 334.106
Ürün Numarası T96t 2010
090 ## - SINIFLAMA NUMARASI
Sınıflama Numarası 334.106 T96t 2010
111 ## - ANA GİRİŞ - TOPLANTI ADI
Giriş Elemanı Olarak Toplantı Adı Veya Yargı Alanı Adı Türkiye Kent Koopertifleri Merkez Birliği Olağan Genel Kurul Toplantısı
Toplantının Yeri Ankara
Toplantı Veya Antlaşma İmzalandığı Tarihi 2009
Bölüm / Bölüm / Toplantı Sayısı 22.
245 ## - BAŞLIK TABLOSU
Başlık Türkiye Kent Koopertifleri Merkez Birliği 22. olağan genel kurul toplantısı
Başlığın Kalan 2009 yılı çalışma raporu
Sorumluluk Tablosu, Vb Türkkent
260 ## - YAYIN, DAĞITIM, VB
Yayın, Dağıtım, Vb Yeri Ankara
Yayıncı, Dağıtıcı, Vs Adı Türkkent
Yayın, Dağıtım, Vb Tarihi 2010
300 ## - FİZİKSEL TANIM
Kapsam 226 s.
Diğer Fiziksel Ayrıntıları tbl.; res.
Boyutlar 30 sm.
610 ## - KONU KATMA GİRİŞ - TOPLANTI ADI
Giriş Elemanı Olarak Kurumsal Ad Veya Yargı Alanı Adı Türkiye Kent Koopertifleri Merkez Birliği
Genel Alt Bölüm Genel kurul toplantıları
650 ## - KONU KATMA GİRİŞ - TOPİKAL DÖNEM
Topikal Süreli Veya Coğrafi Ad Giriş Elemanı Kooperatifçilik
Genel Alt Bölümü İnşaat ve konut
710 ## - KATMA GİRİŞ - KURUMSAL ADI
Giriş Elemanı Olarak Kurumsal Ad Veya Yargı Alanı Adı Türkiye Kent Koopertifleri Merkez Birliği
942 ## - EKLENDİ GİRİŞ ELEMANLARI (KOHA)
Sınıflandırma Veya Raf Düzeni Kaynak Dewey Decimal Classification
Koha Öğesi Türü Books
999 ## - SİSTEM KONTROL NUMARALARI (KOHA)
Koha Biblionumber 5981
Koha Biblioitemnumber 5981
Holdings
Kalıcı Konum Mevcut Konum Edinme Tarihi Edinim Kaynak Toplam Check-Out'Lar Tam Çağrı Numarası Barkod Tarih Son Görülme İtibaren Geçerli Fiyatlar Koha Öğesi Türü
CHP Kütüphanesi CHP Kütüphanesi 12/08/2016 Bağış   334.106 T96t 2010 008958 12/08/2016 12/08/2016 Books